000 00202nam a22000857a 4500
008 161210b xxu||||| |||| 00| 0 eng d
100 _91974
_aArora.S.
245 _aPhysics-XI
260 _aNew Delhi
_bD.R.
_c2012
999 _c4773
_d4773